000 00784nam a2200253Ia 4500
008 100315s9999 xx 000 0 und d
020 _a978-81-89906-02-3 
040 _cENGLISH 
082 _b6403 
_a658 
100 _a"Narayani , Ganesh "
245 _aThe Best of Speeking Tree
260 _aNew Delhi 
_bTimes Group Book  
_c2005 
300 _a208 pg. 
365 _eRupees 
_d
_b180.00 
366 _f10 
505 _gVinayak Gonjare 
530 _bBG-(Shree Ganesh Book Services) 1047/31-10-2007 
_a1047/31-10-2007 
536 _a01/04/2007-31/03/2008 
620 _a"Music Divine, Role Module,Law of Karma "
630 _aThe Best of Speeking Tree
650 _aGeneeral Reading 
730 _aThe Best of Speeking Tree
942 _cBOOK
999 _c481138
_d481135